| 000 | 01142nma a22002177a 4500 | ||
|---|---|---|---|
| 005 | 20210325202442.0 | ||
| 006 | g q || | ||
| 008 | s2551 th tha d | ||
| 041 | _atha | ||
| 090 | _aCD1352 | ||
| 245 | 1 | 0 | _aการศึกษาพัฒนาการของหลักกฎหมายเลือกตั้งของประเทศไทยและต่างประเทศ : รายงานการวิจัย [CD-ROM] |
| 260 | 3 |
_aกรุงเทพฯ : _bสำนักงานคณะกรรมการการเลือกตั้ง, _c2551 |
|
| 300 |
_a1 แผ่น ; _b sd., col. |
||
| 610 | _aสถาบันวิจัยและให้คำปรึกษาแห่งมหาวิทยาลัยธรรมศาสตร์ | ||
| 650 | 0 | 4 | _aกฎหมายเลือกตั้ง -- วิจัย |
| 650 | 0 | 4 | _aกฎหมายเลือกตั้ง -- ไทย -- วิจัย |
| 850 | _aNALT | ||
| 942 | _cCD | ||
| 997 |
_c000000000055541 _kVC |
||
| 998 | _aนางสุกัญญา กัลยา | ||
| 999 |
_c55541 _d55541 |
||